| 000 | 00444nam a2200181Ia 4500 | ||
|---|---|---|---|
| 001 | 15876 | ||
| 005 | 20260306170228.0 | ||
| 008 | 260306t1973||||xx |||||||||||||| ||und|| | ||
| 041 | _aESP | ||
| 082 |
_a620.112 _bN26 |
||
| 100 |
_aNash, William A. _eAUT |
||
| 245 | 0 | _aTeoría y problemas de resistencia de materiales | |
| 260 | _c1973 | ||
| 300 |
_a299 páginas : _c27 cm. |
||
| 650 | _aGEN | ||
| 654 | _aCII | ||
| 942 |
_cLIB _dJUS _fJUS _2ddc _n |
||
| 999 |
_c15876 _d15876 |
||